LEADER 01358nam a2200313 a 4500 001 000000127573 003 CaOOAMICUS 005 20120209093240.0 008 120209s2011 it u000 u ita r 040 $aPUL$bita 041 1 $aita$heng 082 04$a909 100 1 $aDallek, Robert.$0(OLS)http://pul/name/73817 240 13$aAn unfinished life$lItaliano.$0(OLS)http://pul/title/148793 245 10$aJFK :$bJohn Fitzgerald Kennedy, una vita incompiuta /$cRobert Dallek ; traduzione di Nicoletta Lamberti. 260 $aMilano :$bMondadori,$cİ2011. 300 $aVI, 880 p. ;$c18 cm 490 1 $aI classici della storia ;$v68 504 $aInclude riferimenti bibliografici ed indice. 600 14$aKennedy, John Fitzgerald,$d1917-1963$xVita.$0(OLS)http://pul/subject/22398 700 1 $aLamberti, Nicoletta.$0(OLS)http://pul/name/73819 830 0$aClassici della storia ;$v68.$0(OLS)http://pul/title/155349 850 $aPUL 852 $aPUL$W1$xSL Cons. Gen., Altre Classi 3$y75$m909 COLL 3.68$j147615$qDDC 21$B146237$CPULBib$Z2$F146237 $H118668 $82 941 1 $a9 996 $6082$a909$9(OLS)http://pul/classification/566 996 $6245$aJFK :$bJohn Fitzgerald Kennedy, una vita incompiuta$9(OLS)http://pul/title/148792 996 $6260$aMilano :$bMondadori$9(OLS)http://pul/publisher/50297 LEADER 01215nam a2200277 u 4500 001 000000092324 003 CaOOAMICUS 005 20070226124927.0 008 060606s2006 it afh u000 u ita u 020 $a8802073511 035 $a11091516 040 $aPUL$bita 100 1 $aPoliziano, Angelo,$d1454-1494.$0(OLS)http://pul/name/37959 240 10$aPoesie$9(Poliziano, Angelo, 1454-1494).$0(OLS)http://pul/title/71522 245 10$aPoesie /$cdi Angelo Poliziano ; a cura di Francesco Bausi. 260 $aTorino :$bUnione Tipografico-editrice torinese,$cc2006. 300 $a789 p., [8] p. di tav. :$bill., facsim. ;$c24 cm 490 1 $aClassici italiani ;$v105 700 1 $aBausi, Francesco.$0(OLS)http://pul/name/59560 830 0$aClassici italiani (UTET) ;$v105.$0(OLS)http://pul/title/6039 850 $aPUL 852 $aPUL$W1$xSL Cons. Gen., Altre Classi 3$y75$m850 COLL 1.105$j116129$nBK-PRI$b $qDDC 21$B116129$CPULBib$Z2$F116129 $HPUL101493 $81 941 1 $a9 996 $6020$a8802073511$9(OLS)http://pul/number/121286 996 $6245$aPoesie$9(OLS)http://pul/title/12941 996 $6260$aTorino :$bUnione Tipografico-editrice torinese$9(OLS)http://pul/publisher/69624